[Event "POL-ch U18"]
[Site "Leba"]
[Date "2004.04.02"]
[Round "9"]
[White "Duda, Lukasz"]
[Black "Sypnicki, Dominik"]
[Result "1/2-1/2"]
[WhiteElo "2145"]
[BlackElo "2128"]
[PlyCount "89"]
[EventDate "2004.03.27"]
[EventType "swiss"]
[EventRounds "11"]
[EventCountry "POL"]
[SourceTitle "EXT 2005"]
[Source "ChessBase"]
[SourceDate "2004.11.15"]
[SourceVersion "1"]
[SourceVersionDate "2004.11.15"]
[SourceQuality "1"]

1. e4 d5 2. exd5 Qxd5 3. Nc3 Qd6 4. d4 Nf6 5. Nf3 a6 6. h3 Nc6 7. Be3 Bf5 8. Bd3 Bxd3 9. Qxd3 e6 10. 0-0 Be7 11. Rfe1 0-0 12. Bg5 Rad8 13. Ne2 h6 14. Bf4 Qd7 15. c3 Nd5 16. Bg3 Rfe8 17. Rad1 Bd6 18. Ne5 Nxe5 19. dxe5 Be7 20. Qe4 Qc6 21. Qg4 Rd7 22. Nf4 Nxf4 23. Bxf4 Kh7 24. Qh5 Red8 25. Rxd7 Qxd7 26. Kh2 Bf8 27. Re3 g6 28. Qh4 Qe7 29. Qg4 Rd2 30. Re2 Rxe2 31. Qxe2 Qd7 32. Qe4 Qb5 33. b3 c6 34. Qd4 Qd5 35. Qxd5 exd5 36. Be3 c5 37. f4 Be7 38. g4 f5 39. Kg3 Kg7 40. Bf2 Kf7 41. gxf5 gxf5 42. Kf3 Ke6 43. Ke3 Kd7 44. Kd3 Kc6 45. Be1 1/2-1/2

[Event "POL-ch U18"]
[Site "Leba"]
[Date "2004.03.31"]
[Round "6"]
[White "Sypnicki, Dominik"]
[Black "Turlej, Lukasz"]
[Result "1/2-1/2"]
[WhiteElo "2128"]
[BlackElo "2078"]
[PlyCount "115"]
[EventDate "2004.03.27"]
[EventType "swiss"]
[EventRounds "11"]
[EventCountry "POL"]
[SourceTitle "EXT 2005"]
[Source "ChessBase"]
[SourceDate "2004.11.15"]
[SourceVersion "1"]
[SourceVersionDate "2004.11.15"]
[SourceQuality "1"]

1. e4 e6 2. d4 d5 3. Nc3 dxe4 4. Nxe4 Nd7 5. Bd3 Ngf6 6. Qe2 Be7 7. Nf3 c5 8. Nxf6+ Nxf6 9. dxc5 Qa5+ 10. c3 Qxc5 11. Ne5 0-0 12. 0-0 Rd8 13. Bc2 b6 14. Bg5 Bb7 15. Rad1 Bd5 16. Bxf6 Bxf6 17. Bxh7+ Kf8 18. Ng4 Bc4 19. Bd3 Bxa2 20. Nxf6 gxf6 21. Rfe1 Bb3 22. Bc2 Bc4 23. Qf3 Qg5 24. b3 Bd5 25. Be4 Bxe4 26. Qxe4 Rac8 27. c4 Qa5 28. Qf3 Qg5 29. g3 f5 30. h4 Qf6 31. Kg2 Kg7 32. Rxd8 Rxd8 33. Rd1 Rd4 34. Rxd4 Qxd4 35. Qe3 Qb2 36. Kf3 Qb1 37. Kf4 Kg6 38. Ke5 Qb2+ 39. Kd6 Qf6 40. Kc7 e5 41. Kb7 f4 42. Qe4+ Kh6 43. Kxa7 fxg3 44. fxg3 Qd6 45. g4 Qc7+ 46. Ka6 Qc5 47. Kb7 b5 48. cxb5 Qxb5+ 49. Kc7 Qxb3 50. Kd6 Qa3+ 51. Kxe5 Qe7+ 52. Kf5 Qxh4 53. Qc6+ Kg7 54. Qc3+ Kg8 55. Qc8+ Kg7 56. Qc3+ Kg8 57. Qf6 Qxf6+ 58. Kxf6 1/2-1/2

[Event "POL-chT2 U18"]
[Site "Sielpa"]
[Date "2004.??.??"]
[Round "2"]
[White "Stachowiak, Kamil"]
[Black "Sypnicki, Dominik"]
[Result "1/2-1/2"]
[WhiteElo "2275"]
[BlackElo "2125"]
[PlyCount "64"]
[EventDate "2004.??.??"]
[EventType "team"]
[EventRounds "11"]
[EventCountry "POL"]
[SourceTitle "EXT 2007"]
[Source "ChessBase"]
[SourceDate "2006.11.23"]
[SourceVersion "1"]
[SourceVersionDate "2006.11.23"]
[SourceQuality "1"]

1. e4 c5 2. Nc3 d6 3. g3 Nc6 4. Bg2 g6 5. d3 Bg7 6. Be3 e6 7. Qd2 Rb8 8. a4 a6 9. Nge2 Nd4 10. 0-0 Ne7 11. Nc1 Qa5 12. f4 Nec6 13. Qd1 Nb4 14. Rf2 b5 15. Nb1 Nbxc2 16. Bd2 Qc7 17. Ra2 bxa4 18. Bc3 Nb4 19. Rxa4 0-0 20. Rd2 Nb5 21. Ne2 Qb6 22. Kh1 Nxc3 23. Nbxc3 Nc6 24. g4 f5 25. gxf5 gxf5 26. exf5 Rxf5 27. Ng3 Rf8 28. Qh5 Nd4 29. Be4 h6 30. Qg6 Qc7 31. Qh7+ Kf7 32. Qg6+ Kg8 1/2-1/2

[Event "POL-chT U19 35th"]
[Site "Koszalin"]
[Date "2003.07.05"]
[Round "1.20"]
[White "Hermanowicz, Dominika"]
[Black "Sypnicki, Dominik"]
[Result "1/2-1/2"]
[WhiteElo "2088"]
[BlackElo "2162"]
[PlyCount "135"]
[EventDate "2003.07.04"]
[EventType "team-tourn"]
[EventRounds "11"]
[EventCountry "POL"]
[SourceTitle "EXT 2019"]
[Source "ChessBase"]
[SourceDate "2018.10.10"]
[SourceVersion "1"]
[SourceVersionDate "2018.10.10"]
[SourceQuality "1"]
[WhiteTeam "Legnica Miedz U19"]
[BlackTeam "Gorzow Wielkopolski Stilon U19"]
[WhiteTeamCountry "POL"]
[BlackTeamCountry "POL"]

1. e4 e6 2. d4 d5 3. Nd2 Nc6 4. Ngf3 Nf6 5. e5 Nd7 6. c3 f6 7. exf6 Qxf6 8. Bd3 Bd6 9. 0-0 0-0 10. Bc2 Kh8 11. Nb3 e5 12. Ng5 e4 13. f3 h6 14. fxe4 Qxf1+ 15. Qxf1 Rxf1+ 16. Kxf1 hxg5 17. exd5 Ne7 18. c4 b5 19. c5 Bf4 20. Bxf4 gxf4 21. Re1 Ng8 22. Be4 Ndf6 23. Bf3 Bg4 24. Re5 Bxf3 25. gxf3 Nh6 26. d6 cxd6 27. cxd6 Rd8 28. Rxb5 Rxd6 29. Ke2 Re6+ 30. Re5 Ra6 31. Ra5 Re6+ 32. Re5 Rd6 33. Kd3 Kh7 34. Nd2 Kg6 35. Nc4 Rd7 36. Ra5 Rc7 37. Ne5+ Kh7 38. Nc4 Kg6 39. Ne5+ Kh7 40. Nc4 Rd7 41. b3 g6 42. Ne5 Rc7 43. Rc5 Rb7 44. Rc6 Kg7 45. Kc4 Nf5 46. Kc5 Ne7 47. Rd6 Rc7+ 48. Kb5 Ned5 49. Rc6 Nc3+ 50. Kc4 Rxc6+ 51. Nxc6 Nxa2 52. Nxa7 Kf7 53. b4 Ke6 54. b5 Nd5 55. Kc5 Nac3 56. Nc6 Na4+ 57. Kc4 Nab6+ 58. Kc5 Nd7+ 59. Kc4 Kd6 60. Kd3 N7f6 61. Kc4 Nd7 62. Kd3 N7f6 63. Kc4 Nb6+ 64. Kd3 Nbd7 65. Kc4 Nb6+ 66. Kd3 Nbd7 67. Kc4 Nb6+ 68. Kd3 1/2-1/2

[Event "POL-ch sf"]
[Site "Lubniewice"]
[Date "2002.12.08"]
[Round "9"]
[White "Bronowicki, Mateusz"]
[Black "Sypnicki, Dominik"]
[Result "1/2-1/2"]
[WhiteElo "2123"]
[BlackElo "2166"]
[PlyCount "53"]
[EventDate "2002.11.30"]
[EventType "swiss"]
[EventRounds "9"]
[EventCountry "POL"]
[SourceTitle "CBM 091 Extra"]
[Source "ChessBase"]
[SourceDate "2003.01.09"]
[SourceVersion "1"]
[SourceVersionDate "2003.01.09"]
[SourceQuality "1"]

1. c4 e5 2. Nc3 Nf6 3. e3 Nc6 4. d4 exd4 5. exd4 d5 6. cxd5 Nxd5 7. Bb5 Bb4 8. Nge2 0-0 9. 0-0 Nce7 10. Ne4 Bf5 11. N2g3 Bg6 12. h3 Bxe4 13. Nxe4 Nf5 14. g3 Nde7 15. Be3 c6 16. Bd3 Nd5 17. Qf3 Nfxe3 18. fxe3 Qe7 19. a3 f5 20. axb4 fxe4 21. Qxe4 Rxf1+ 22. Rxf1 Qxe4 23. Bxe4 Nxe3 24. Re1 Nd5 25. Bxd5+ cxd5 26. Re7 b6 27. Rd7 1/2-1/2

[Event "POL-ch sf"]
[Site "Lubniewice"]
[Date "2002.12.05"]
[Round "6"]
[White "Sypnicki, Dominik"]
[Black "Spicak, Krzysztof"]
[Result "0-1"]
[WhiteElo "2166"]
[BlackElo "2142"]
[PlyCount "92"]
[EventDate "2002.11.30"]
[EventType "swiss"]
[EventRounds "9"]
[EventCountry "POL"]
[SourceTitle "CBM 091 Extra"]
[Source "ChessBase"]
[SourceDate "2003.01.09"]
[SourceVersion "1"]
[SourceVersionDate "2003.01.09"]
[SourceQuality "1"]

1. e4 c5 2. Nc3 Nc6 3. Bb5 Nd4 4. Bc4 e6 5. Nf3 Ne7 6. Nxd4 cxd4 7. Nb5 Nc6 8. c3 Bc5 9. b4 Be7 10. Nxd4 Nxd4 11. cxd4 Bxb4 12. d5 0-0 13. 0-0 Qh4 14. Qe2 e5 15. Bb2 d6 16. g3 Qh6 17. d4 f6 18. f3 Bh3 19. Rfd1 Qg6 20. Qe3 f5 21. dxe5 f4 22. Qf2 Bc5 23. Bd4 fxg3 24. hxg3 Bxd4 25. Rxd4 dxe5 26. d6+ Kh8 27. Rd3 Bd7 28. Kg2 Rac8 29. Bb3 b6 30. Rad1 Rf6 31. Qd2 Rcf8 32. Qb2 Qh5 33. Rh1 Qg5 34. Qc1 Qg6 35. Qd1 h6 36. a4 a6 37. Qd2 a5 38. Rh4 Rd8 39. g4 Bc6 40. d7 Bxe4 41. fxe4 Qxe4+ 42. Kg1 Rdf8 43. Rhh3 Rf1+ 44. Kh2 Qh1+ 45. Kg3 R1f3+ 46. Kh4 Qxh3# 0-1

[Event "POL-chT U19 33rd"]
[Site "Laczna"]
[Date "2002.07.23"]
[Round "11"]
[White "Sypnicki, Dominik"]
[Black "Kwiatkowski, Maciej"]
[Result "1-0"]
[WhiteElo "2191"]
[BlackElo "2061"]
[PlyCount "45"]
[EventDate "2002.07.15"]
[EventType "team-tourn"]
[EventRounds "11"]
[EventCountry "POL"]
[SourceTitle "CBM 089 Extra"]
[Source "ChessBase"]
[SourceDate "2002.09.10"]
[SourceVersion "2"]
[SourceVersionDate "2002.09.10"]
[SourceQuality "1"]
[WhiteTeam "Gorzow Wielkopolski Stilon U19"]
[BlackTeam "Suwalki Hancza U19"]
[WhiteTeamCountry "POL"]
[BlackTeamCountry "POL"]

1. d4 d5 2. c4 e6 3. Nf3 Nf6 4. Bg5 Be7 5. e3 c6 6. Nc3 Nbd7 7. Qc2 0-0 8. cxd5 exd5 9. Bd3 Re8 10. h3 Nf8 11. Bf4 Ng6 12. Bh2 Bd6 13. Bxd6 Qxd6 14. 0-0-0 Be6 15. g4 Ne4 16. Bxe4 dxe4 17. Nd2 Bd5 18. Ndxe4 Qe7 19. Nxd5 cxd5 20. Nc3 Rac8 21. Kb1 Red8 22. Nxd5 Qd6 23. Nc3 1-0

[Event "POL-chT U19 33rd"]
[Site "Laczna"]
[Date "2002.07.18"]
[Round "5"]
[White "Sypnicki, Dominik"]
[Black "Kuziola, Mateusz"]
[Result "0-1"]
[WhiteElo "2191"]
[BlackElo "2187"]
[PlyCount "66"]
[EventDate "2002.07.15"]
[EventType "team-tourn"]
[EventRounds "11"]
[EventCountry "POL"]
[SourceTitle "CBM 089 Extra"]
[Source "ChessBase"]
[SourceDate "2002.09.10"]
[SourceVersion "2"]
[SourceVersionDate "2002.09.10"]
[SourceQuality "1"]
[WhiteTeam "Gorzow Wielkopolski Stilon U19"]
[BlackTeam "Krakow Korona U19"]
[WhiteTeamCountry "POL"]
[BlackTeamCountry "POL"]

1. e4 c5 2. Nf3 Nc6 3. d4 cxd4 4. Nxd4 Nf6 5. Nc3 e5 6. Ndb5 d6 7. Bg5 a6 8. Na3 b5 9. Nd5 Be7 10. Bxf6 Bxf6 11. c4 Bg5 12. cxb5 Nd4 13. b6 0-0 14. Bd3 Bb7 15. Nc7 f5 16. Bc4+ Kh8 17. Bd5 Bxd5 18. exd5 Rb8 19. Nc2 Nxc2+ 20. Qxc2 Qd7 21. Ne6 Rfc8 22. Qxf5 Bf6 23. 0-0 Rxb6 24. b3 Rb5 25. Qe4 Qb7 26. Rac1 Kg8 27. f3 Rxc1 28. Rxc1 Qxd5 29. Rc8+ Kf7 30. Qf5 Qd1+ 31. Kf2 Qd2+ 32. Kg3 Qe1+ 33. Kh3 Qh4# 0-1

[Event "Rowy Jantar op-A 11th"]
[Site "Rowy"]
[Date "2002.06.15"]
[Round "8"]
[White "Sypnicki, Dominik"]
[Black "Bronowicki, Mateusz"]
[Result "0-1"]
[WhiteElo "2213"]
[BlackElo "2135"]
[PlyCount "52"]
[EventDate "2002.06.??"]
[EventType "swiss"]
[EventRounds "8"]
[EventCountry "POL"]
[SourceTitle "EXT 2006"]
[Source "ChessBase"]
[SourceDate "2005.11.24"]
[SourceVersion "1"]
[SourceVersionDate "2005.11.24"]
[SourceQuality "1"]

1. d4 d6 2. e4 g6 3. Be3 Bg7 4. f3 Nf6 5. Nc3 Nbd7 6. Qd2 a6 7. Nge2 c5 8. a4 b6 9. Nf4 cxd4 10. Qxd4 e5 11. Qxd6 exf4 12. Bxf4 Ra7 13. 0-0-0 Nh5 14. Be3 Bxc3 15. bxc3 Qe7 16. a5 Qxd6 17. Rxd6 Ke7 18. axb6 Kxd6 19. bxa7 Bb7 20. Bc4 Ne5 21. Rd1+ Kc7 22. Bb3 f6 23. Ba4 g5 24. Bc5 Nf4 25. Rd6 Ne2+ 26. Kd2 Nc4+ 0-1

[Event "Rowy Jantar op-A 11th"]
[Site "Rowy"]
[Date "2002.06.14"]
[Round "7"]
[White "Marszalek, Maciej"]
[Black "Sypnicki, Dominik"]
[Result "1/2-1/2"]
[WhiteElo "2268"]
[BlackElo "2213"]
[PlyCount "38"]
[EventDate "2002.06.??"]
[EventType "swiss"]
[EventRounds "8"]
[EventCountry "POL"]
[SourceTitle "EXT 2006"]
[Source "ChessBase"]
[SourceDate "2005.11.24"]
[SourceVersion "1"]
[SourceVersionDate "2005.11.24"]
[SourceQuality "1"]

1. d4 d5 2. c4 Bf5 3. Nf3 e6 4. Nc3 c6 5. g3 Bd6 6. Bg2 h6 7. 0-0 Nd7 8. Nd2 Ngf6 9. e4 dxe4 10. Ndxe4 Be7 11. Qb3 Qb6 12. Qxb6 Nxb6 13. b3 0-0-0 14. Be3 Ng4 15. Rad1 Nxe3 16. fxe3 Bg6 17. Nd2 Bh5 18. Bf3 Bxf3 19. Rxf3 f5 1/2-1/2

[Event "POL-ch U16"]
[Site "Bartkowa"]
[Date "2002.??.??"]
[Round "?"]
[White "Caba, Tomasz"]
[Black "Sypnicki, Dominik"]
[Result "0-1"]
[WhiteElo "2111"]
[BlackElo "2182"]
[PlyCount "112"]
[EventDate "2002.01.??"]
[EventType "swiss"]
[EventRounds "10"]
[EventCountry "POL"]
[SourceTitle "EXT 2005"]
[Source "ChessBase"]
[SourceDate "2004.11.15"]
[SourceVersion "1"]
[SourceVersionDate "2004.11.15"]
[SourceQuality "1"]

1. e4 c5 2. Nf3 d6 3. d4 cxd4 4. Qxd4 Nc6 5. Bb5 Bd7 6. Bxc6 Bxc6 7. Nc3 Nf6 8. Bg5 e6 9. 0-0-0 Be7 10. Qd3 Qc7 11. Nd4 a6 12. Kb1 Ng4 13. Be3 Nxe3 14. Qxe3 b5 15. f4 b4 16. Nce2 Bb7 17. Qd3 0-0 18. g4 Rfc8 19. g5 Qc4 20. Ng3 Qxd3 21. cxd3 Rc5 22. Nb3 Rc7 23. Na5 Rac8 24. Nxb7 Rxb7 25. Rc1 Rbc7 26. Rxc7 Rxc7 27. Rc1 Rxc1+ 28. Kxc1 e5 29. Nf5 Bd8 30. Nxd6 exf4 31. h4 f6 32. gxf6 Bxf6 33. h5 g5 34. hxg6 hxg6 35. b3 Bc3 36. Kd1 f3 37. Nc4 g5 38. Ne3 Kf7 39. Ng4 Kg6 40. Nh2 g4 41. Nxg4 Kg5 42. Nh2 Kf4 43. Nf1 a5 44. Kc2 f2 45. a3 Kf3 46. axb4 axb4 47. Kd1 Be5 48. Kd2 Bd4 49. Kd1 Bc3 50. Nh2+ Kg2 51. Ke2 Kxh2 52. Kxf2 Kh3 53. Kf3 Be5 54. Ke3 Kg4 55. d4 Bg7 56. e5 Kf5 0-1

[Event "POL-ch U16"]
[Site "Bartkowa"]
[Date "2002.??.??"]
[Round "?"]
[White "Sypnicki, Dominik"]
[Black "Kuzmicz, Krystian"]
[Result "1/2-1/2"]
[WhiteElo "2182"]
[BlackElo "2211"]
[PlyCount "101"]
[EventDate "2002.01.??"]
[EventType "swiss"]
[EventRounds "10"]
[EventCountry "POL"]
[SourceTitle "EXT 2005"]
[Source "ChessBase"]
[SourceDate "2004.11.15"]
[SourceVersion "1"]
[SourceVersionDate "2004.11.15"]
[SourceQuality "1"]

1. c4 g6 2. d4 Bg7 3. e4 Nc6 4. Be3 e5 5. Nf3 exd4 6. Nxd4 d6 7. Nc3 Nge7 8. Nd5 0-0 9. Be2 Nxd5 10. cxd5 Nxd4 11. Bxd4 Re8 12. Bxg7 Kxg7 13. Qd4+ Qf6 14. Qxf6+ Kxf6 15. f3 c5 16. dxc6 bxc6 17. Kf2 Be6 18. Rac1 Rec8 19. Rhd1 Ke7 20. Ba6 Rc7 21. b3 Rb8 22. Rd4 Rb6 23. Ra4 Bd7 24. g4 c5 25. Rc3 f6 26. h4 h6 27. Ke3 Rb4 28. Bc4 Kf8 29. Ra6 Rb6 30. Ra5 Rb8 31. Kf4 g5+ 32. Ke3 Be8 33. hxg5 hxg5 34. Rc1 Rb6 35. Rh1 Kg7 36. Kd3 Bd7 37. Kc3 Bc8 38. Bd3 Kg8 39. Bc4+ Kg7 40. Bd3 Kg8 41. Rb5 Rcb7 42. Rxb6 Rxb6 43. Bc4+ Kg7 44. Rd1 a5 45. a3 Kf8 46. Bd5 Kg7 47. Rh1 Bd7 48. a4 Bc8 49. Rf1 Kh6 50. Rh1+ Kg7 51. Rh2 1/2-1/2

[Event "Bydgoszcz op-A"]
[Site "Bydgoszcz"]
[Date "2001.05.06"]
[Round "9"]
[White "Sypnicki, Dominik"]
[Black "Ciesla, Adam"]
[Result "1-0"]
[WhiteElo "2248"]
[BlackElo "2195"]
[PlyCount "83"]
[EventDate "2001.04.27"]
[EventType "swiss"]
[EventRounds "9"]
[EventCountry "POL"]
[SourceTitle "CBM 082 Extra"]
[Source "ChessBase"]
[SourceDate "2001.07.03"]
[SourceVersion "1"]
[SourceVersionDate "2001.07.03"]
[SourceQuality "1"]

1. d4 Nf6 2. c4 g6 3. Nc3 Bg7 4. e4 d6 5. Nf3 0-0 6. g3 e5 7. Bg2 Nc6 8. d5 Na5 9. Qe2 b6 10. h3 Nh5 11. 0-0 Nb7 12. g4 Nf4 13. Bxf4 exf4 14. Qd2 g5 15. Nd4 Bd7 16. Bf3 Be5 17. Rac1 Qf6 18. Nc6 Bxc6 19. dxc6 Bxc3 20. Qxc3 Qxc3 21. Rxc3 Nc5 22. b4 Ne6 23. e5 dxe5 24. Re1 f6 25. Bd5 Kf7 26. Rd1 Ke7 27. Bxe6 Kxe6 28. Rd7 Rad8 29. Rxc7 Rd1+ 30. Kg2 e4 31. Rxa7 Rfd8 32. c7 f3+ 33. Kh2 Rc8 34. c5 bxc5 35. b5 Rb1 36. Rb3 Rxb3 37. axb3 Kd7 38. Kg1 Re8 39. Rb7 Re6 40. b6 Rc6 41. Rb8 e3 42. fxe3 1-0

[Event "Bydgoszcz op-A"]
[Site "Bydgoszcz"]
[Date "2001.05.04"]
[Round "7"]
[White "Sypnicki, Dominik"]
[Black "Barglowski, Filip"]
[Result "0-1"]
[WhiteElo "2248"]
[BlackElo "2158"]
[PlyCount "68"]
[EventDate "2001.04.27"]
[EventType "swiss"]
[EventRounds "9"]
[EventCountry "POL"]
[SourceTitle "CBM 082 Extra"]
[Source "ChessBase"]
[SourceDate "2001.07.03"]
[SourceVersion "1"]
[SourceVersionDate "2001.07.03"]
[SourceQuality "1"]

1. d4 d5 2. c4 e6 3. Nf3 Nf6 4. Bg5 Be7 5. e3 0-0 6. Nc3 h6 7. Bh4 Ne4 8. Bxe7 Qxe7 9. Qc2 Nxc3 10. Qxc3 dxc4 11. Bxc4 c5 12. 0-0 cxd4 13. exd4 b6 14. d5 exd5 15. Bxd5 Bb7 16. Rfe1 Qd7 17. Bb3 Nc6 18. Rad1 Qc8 19. Qd3 Nb4 20. Qd6 Bxf3 21. gxf3 a5 22. a3 a4 23. Qxb4 axb3 24. Qxb3 Qh3 25. Qxb6 Rfb8 26. Qd4 Ra6 27. Re4 h5 28. Qe5 Rbb6 29. Rd8+ Kh7 30. Qe8 Rg6+ 31. Rg4 Rxg4+ 32. fxg4 Qxg4+ 33. Kf1 Qh3+ 34. Ke1 Re6+ 0-1

[Event "Bydgoszcz op-A"]
[Site "Bydgoszcz"]
[Date "2001.05.03"]
[Round "6"]
[White "Lewandowski, Rafal"]
[Black "Sypnicki, Dominik"]
[Result "0-1"]
[WhiteElo "2234"]
[BlackElo "2248"]
[PlyCount "50"]
[EventDate "2001.04.27"]
[EventType "swiss"]
[EventRounds "9"]
[EventCountry "POL"]
[SourceTitle "CBM 082 Extra"]
[Source "ChessBase"]
[SourceDate "2001.07.03"]
[SourceVersion "1"]
[SourceVersionDate "2001.07.03"]
[SourceQuality "1"]

1. e4 c5 2. Nf3 d6 3. d4 cxd4 4. Nxd4 Nf6 5. Nc3 a6 6. Be3 e5 7. Nb3 Be6 8. f3 Be7 9. Qd2 Nbd7 10. g4 b5 11. g5 Nh5 12. 0-0-0 Nb6 13. Nd5 Bxd5 14. exd5 Rc8 15. Bxb6 Qxb6 16. h4 Nf4 17. Bd3 b4 18. Rhe1 h6 19. Re4 hxg5 20. hxg5 Bxg5 21. Kb1 a5 22. Rxf4 Bxf4 23. Qg2 Ke7 24. Qg4 a4 25. Bf5 axb3 0-1

[Event "Bydgoszcz op-A"]
[Site "Bydgoszcz"]
[Date "2001.04.28"]
[Round "2"]
[White "Sypnicki, Dominik"]
[Black "Olszewski, Marek"]
[Result "0-1"]
[WhiteElo "2248"]
[BlackElo "2131"]
[PlyCount "70"]
[EventDate "2001.04.27"]
[EventType "swiss"]
[EventRounds "9"]
[EventCountry "POL"]
[SourceTitle "CBM 082 Extra"]
[Source "ChessBase"]
[SourceDate "2001.07.03"]
[SourceVersion "1"]
[SourceVersionDate "2001.07.03"]
[SourceQuality "1"]

1. e4 e6 2. d4 d5 3. Nc3 Nf6 4. Bg5 Bb4 5. e5 h6 6. Be3 Ne4 7. Qg4 g6 8. Bd3 Nxc3 9. a3 Be7 10. bxc3 c5 11. Nf3 c4 12. Be2 Nc6 13. h4 Qa5 14. Bd2 Bd7 15. h5 g5 16. Nh2 0-0-0 17. Qf3 f6 18. exf6 Bxf6 19. Ng4 Be7 20. Qg3 Be8 21. Ne5 Bd6 22. Bg4 Qc7 23. f4 gxf4 24. Bxf4 Bd7 25. 0-0 Nxe5 26. dxe5 Bc5+ 27. Be3 Rdg8 28. Bd4 Rg5 29. Qf4 Rhg8 30. Bh3 b6 31. Kh1 Rxh5 32. Qe3 Bxd4 33. cxd4 Be8 34. Rf6 Qg7 35. Raf1 Qxg2# 0-1

[Event "POL-ch U16"]
[Site "Zakopane"]
[Date "2001.01.21"]
[Round "6"]
[White "Sypnicki, Dominik"]
[Black "Heberla, Bartlomiej"]
[Result "1/2-1/2"]
[WhiteElo "2162"]
[BlackElo "2364"]
[PlyCount "88"]
[EventDate "2001.01.16"]
[EventType "swiss"]
[EventRounds "11"]
[EventCountry "POL"]
[SourceTitle "EXT 2002"]
[Source "ChessBase"]
[SourceDate "2001.11.25"]
[SourceVersion "1"]
[SourceVersionDate "2001.11.25"]
[SourceQuality "1"]

1. e4 c5 2. Nf3 d6 3. d4 cxd4 4. Nxd4 Nf6 5. Nc3 Bd7 6. Bg5 e6 7. Qd2 a6 8. f4 h6 9. Bxf6 Qxf6 10. 0-0-0 Qd8 11. h4 Be7 12. Nf3 Nc6 13. g4 Qa5 14. g5 0-0-0 15. Bc4 b5 16. Bb3 Qb6 17. a3 Kb8 18. f5 exf5 19. Bxf7 fxe4 20. Nxe4 Bg4 21. Rdf1 Bxf3 22. Rxf3 hxg5 23. Nxg5 Rxh4 24. Rff1 Rxh1 25. Rxh1 Rf8 26. Kb1 Qd4 27. Qxd4 Nxd4 28. Ne6 Rxf7 29. Nxd4 Bf6 30. c3 Kc7 31. Kc2 Bxd4 32. cxd4 Rf2+ 33. Kc3 Kc6 34. Rg1 Rf7 35. Rg5 Kd7 36. Rg6 Kc6 37. Rg5 Kd7 38. Rg6 Re7 39. Kd3 Kc6 40. Rg5 Rf7 41. Ke3 Kb6 42. Ke4 Rf2 43. b4 Ra2 44. Rg6 Rxa3 1/2-1/2